000 00774nam a2200217Ia 4500
001 402
003 GE_BSU
008 181216s||||||||xx |||||||||||||| ||und||
020 _a9789941002755
040 _cGE_BSU
080 _a61+579.2(075.8)
100 _aნუსბაუმი,ლ.რობერტ და სხვ.
245 _aგენეტიკა მედიცინაში
245 _cქართული გამოცემა ელენე აბზიანიძე
260 _aთბილისი
260 _bთბილისის სახ. სამედ. უნივერსიტეტი
300 _a584გვ.
541 _h30ლ.
653 _aგენეტიკა მედიცინაში
942 _cBK
999 _c34637
_d34637